00366pab a2200145 454500008004000000100002600040245004100066260000900107300001300116362001000129650001500139650001400154650001800168773003400186180718b2008 xxu||||| |||| 00| 0 eng d aBhattacharjea, Aditya aKrugman's economics: an introduction c2008 ap.24-28. a6 Dec aEconomists aEconomics aKrugman, Paul aEconomic and Political Weekly